[Event "56th World U20 ch"]
[Site "Tarvisio ITA"]
[Date "2017.11.19"]
[Round "6.67"]
[White "Terryn, Ezra"]
[Black "Nowak, Lukasz"]
[Result "0-1"]
[WhiteElo "1987"]
[BlackElo "2310"]
[EventDate "2017.11.13"]
[PlyCount "84"]

1.e4 c5 2.d4 cxd4 3.c3 Nf6 4.e5 Nd5 5.Nf3 e6 6.cxd4 d6 7.a3 Bd7 8.Bc4 Bc6 
9.O-O Nd7 10.Re1 Be7 11.Bd2 O-O 12.Nc3 Nxc3 13.bxc3 Qc7 14.Bd3 Rac8 15.h4 
Bxf3 16.Qxf3 dxe5 17.dxe5 Nxe5 18.Bxh7+ Kxh7 19.Qh5+ Kg8 20.Rxe5 g6 21.Qe2
Bxh4 22.Rb1 Rfd8 23.Re4 Bf6 24.Qf3 Bg7 25.Bf4 Qc6 26.Qe2 b6 27.c4 Rd7 28.
Rc1 Qc5 29.a4 Rcd8 30.Qc2 Qh5 31.Ree1 Rd4 32.Bg3 Qc5 33.Re3 Bh6 34.Re5 Qc6
35.Rce1 Rxc4 36.Qb1 Bg7 37.R5e3 Qxa4 38.Be5 Bxe5 39.Rxe5 Qc2 40.Qb5 Qa4 
41.Qb1 Qc2 42.Qb5 Rc5 0-1

[Event "56th World U20 ch"]
[Site "Tarvisio ITA"]
[Date "2017.11.19"]
[Round "6.68"]
[White "Vangsgard, Bjarke"]
[Black "Silva, David"]
[Result "0-1"]
[WhiteElo "1987"]
[BlackElo "2285"]
[EventDate "2017.11.13"]
[PlyCount "112"]

1.d4 Nf6 2.Bf4 g6 3.e3 Bg7 4.Nf3 O-O 5.Be2 d6 6.O-O b6 7.h3 Bb7 8.a4 e6 9.
c3 Nbd7 10.Bh2 Qe7 11.a5 e5 12.Qb3 Kh8 13.Rd1 Bd5 14.c4 Bc6 15.d5 Nc5 16.
Qc2 Bd7 17.b4 Bf5 18.Qb2 Nd3 19.Qb3 Rfb8 20.axb6 Rxb6 21.Bxd3 Bxd3 22.Nc3 
Bf5 23.Ra5 Rab8 24.b5 Nd7 25.Qa2 Nc5 26.Na4 Nxa4 27.Rxa4 g5 28.Rxa7 g4 29.
hxg4 Bxg4 30.Ra8 e4 31.Qa7 Qe8 32.Rxb8 Qxb8 33.Qxb8+ Rxb8 34.Rd4 Bxf3 35.
gxf3 Bxd4 36.exd4 exf3 37.Bf4 Kg7 38.Kh2 Kf6 39.Kg3 Ke7 40.Kxf3 Kd7 41.Ke4
Re8+ 42.Kf5 Re2 43.Be3 Rc2 44.c5 Rb2 45.Kf6 Ke8 46.Kg5 Rxb5 47.Kh6 Rb1 48.
Kxh7 Rg1 49.Bf4 Ke7 50.Bg3 Rd1 51.Bh4+ Kf8 52.Kh6 Rxd4 53.Bd8 dxc5 54.Bxc7
Rxd5 55.f4 c4 56.f5 Rxf5 0-1

[Event "56th World U20 ch"]
[Site "Tarvisio ITA"]
[Date "2017.11.19"]
[Round "6.69"]
[White "Valente, Joao Nuno Baptista"]
[Black "Schweighoffer, Martin"]
[Result "1/2-1/2"]
[WhiteElo "1897"]
[BlackElo "2123"]
[EventDate "2017.11.13"]
[PlyCount "113"]

1.e4 e5 2.Nf3 Nc6 3.Bb5 a6 4.Bxc6 dxc6 5.d4 exd4 6.Qxd4 Bg4 7.Be3 Nf6 8.
Nbd2 Be7 9.Ne5 O-O 10.f3 Be6 11.Qxd8 Raxd8 12.Nd3 b6 13.Ne5 Bd7 14.Nxd7 
Nxd7 15.O-O-O f5 16.exf5 Rxf5 17.Ne4 Nf6 18.Nxf6+ Bxf6 19.Rxd8+ Bxd8 20.
Rd1 Rd5 21.c4 Rxd1+ 22.Kxd1 Be7 23.Ke2 Kf7 24.Kd3 h5 25.Ke4 Ke6 26.f4 g6 
27.Bd4 Bf8 28.b3 Be7 29.g3 Bf8 30.h3 Be7 31.Bg7 Bc5 32.Bh8 Be7 $11 33.Bc3 
Bf8 34.g4 hxg4 35.hxg4 Be7 36.f5+ gxf5+ 37.gxf5+ Kf7 38.a4 Bf8 39.Be1 Be7 
40.Bf2 Ke8 41.Bg3 Kd7 42.Be5 Bf8 43.f6 Ke6 44.Bxc7 Kxf6 45.Bxb6 Bb4 46.Kd4
Ke6 47.Bc5 Be1 48.Bf8 Kd7 49.Bh6 Bb4 50.Bf4 Kc8 51.Bg3 Kb7 52.Ke5 Bc5 53.
Ke6 Be3 54.Bd6 Bf2 55.Kd7 Bg1 56.c5 a5 57.Bc7 1/2-1/2

[Event "56th World U20 ch"]
[Site "Tarvisio ITA"]
[Date "2017.11.19"]
[Round "6.70"]
[White "Willathgamuwa, Rowan"]
[Black "Bezuidenhout, Roland"]
[Result "0-1"]
[WhiteElo "1907"]
[BlackElo "2118"]
[EventDate "2017.11.13"]
[PlyCount "76"]

1.Nf3 d5 2.g3 g6 3.c4 dxc4 4.Qa4+ Nd7 5.Bg2 Bg7 6.O-O Nf6 7.Qxc4 O-O 8.d3 
c6 9.Na3 Nd5 10.e4 N7b6 11.Qb3 Nc7 12.Be3 Be6 13.Qc2 Na6 14.Qd2 Na4 15.Bh6
Bxb2 16.Bxf8 Qxf8 17.Rab1 Bxa3 18.Ng5 Bc8 19.d4 h6 20.Nf3 Nb6 21.Ne5 Bd6 
22.f4 Bxe5 23.fxe5 Be6 24.d5 Rd8 25.Rfd1 cxd5 26.exd5 Bxd5 27.Bxd5 Rxd5 
28.Qf4 e6 29.Rdc1 Nc5 30.Rd1 Ncd7 31.Rxd5 Nxd5 32.Qf2 b6 33.Rc1 Nxe5 34.
Qe2 Qd6 35.Rc8+ Kg7 36.Qb2 Nf6 37.Rc1 Nd3 38.Rd1 Qc5+ 0-1

[Event "56th World U20 ch"]
[Site "Tarvisio ITA"]
[Date "2017.11.19"]
[Round "6.71"]
[White "Lumachi, Gabriele"]
[Black "Cappelletto, Joshuaede"]
[Result "0-1"]
[WhiteElo "2111"]
[BlackElo "1920"]
[EventDate "2017.11.13"]
[PlyCount "54"]

1.b3 Nf6 2.Bb2 g6 3.Bxf6 exf6 4.c4 Bg7 5.Nc3 O-O 6.g3 f5 7.Rc1 Re8 8.e3 
Nc6 9.Bg2 Ne5 10.d4 Ng4 11.Nf3 Rxe3+ 12.fxe3 Nxe3 13.Qe2 Bh6 14.Rb1 Qe7 
15.Kf2 c6 16.Nd1 Ng4+ 17.Kf1 Qa3 18.h3 Nf6 19.Nf2 Nh5 20.Qe8+ Kg7 21.Qe5+ 
f6 22.Qc7 Be3 23.Nd3 f4 24.Ke1 Qxa2 25.Rd1 Qxg2 26.Qd6 Qxh1+ 27.Ke2 Nxg3# 
0-1

[Event "56th World U20 ch"]
[Site "Tarvisio ITA"]
[Date "2017.11.19"]
[Round "6.72"]
[White "Gomez Barrera, Gonzalo Andres"]
[Black "Donati, Michele"]
[Result "1-0"]
[WhiteElo "1741"]
[BlackElo "1978"]
[EventDate "2017.11.13"]
[PlyCount "203"]

1.e4 c5 2.Nf3 e6 3.d4 cxd4 4.Nxd4 a6 5.Bd3 Bc5 6.Nb3 Be7 7.Qg4 g6 8.Qe2 d6
9.O-O Nd7 10.a4 b6 11.Na3 Bb7 12.Nc4 Qc7 13.a5 b5 14.Nb6 Nxb6 15.axb6 Qxb6
16.Na5 Nf6 17.Be3 Qc7 18.Bxb5+ axb5 19.Qxb5+ Qd7 20.Qxb7 Qxb7 21.Nxb7 Rb8 
22.Ra7 Nxe4 23.f3 Nf6 24.Bg5 O-O 25.Kh1 Kg7 26.Na5 Bd8 27.Nc6 Rxb2 28.Ra8 
Be7 29.Ra7 Bd8 30.Ra8 Be7 31.Ra4 h6 32.Bf4 e5 33.Bc1 Rb7 34.Ba3 Rc8 35.
Nxe7 Rxe7 36.Bxd6 Re6 37.Bb4 Rxc2 38.Be1 Rc1 39.Kg1 Rd6 40.Bg3 Rxf1+ 41.
Kxf1 Rd5 42.Ke2 Rb5 43.Ra2 g5 44.Kf2 h5 45.h4 g4 46.Re2 Nd7 47.Rd2 Nf8 48.
Re2 Ng6 49.fxg4 hxg4 50.h5 Nf4 51.Bxf4 exf4 52.Re4 Rxh5 53.Rxf4 f5 54.Ra4 
Kf6 55.Ra6+ Kg5 56.Ra8 Rh6 57.g3 Rb6 58.Rg8+ Kf6 59.Rf8+ Ke5 60.Re8+ Kd4 
61.Rd8+ Ke5 62.Re8+ Kd6 63.Ke3 Rb4 64.Ra8 Ke5 65.Re8+ Kf6 66.Rf8+ Ke6 67.
Re8+ Kf7 68.Ra8 Re4+ 69.Kf2 Re6 70.Rb8 Kf6 71.Rf8+ Ke5 72.Ke3 Kd5+ 73.Kf4 
Re4+ 74.Kxf5 Kd4 75.Rb8 Re5+ 76.Kxg4 Ke4 77.Kh4 Re7 78.g4 Kf4 79.Rf8+ Ke5 
80.Kh5 Ke6 81.Kh6 Ra7 82.g5 Ke7 83.Rf3 Ra1 84.g6 Rh1+ 85.Kg7 Rh2 86.Re3+ 
Kd7 87.Kg8 Rh1 88.Kg7 Rh2 89.Rf3 Ke7 90.Rf8 Rh1 91.Rh8 Rg1 92.Rh3 Rg2 93.
Kh7 Kf8 94.Rh6 Rg1 95.Rh2 Rg3 96.Rf2+ Ke7 97.Kg7 Rh3 98.Kg8 Rh1 99.Rf7+ 
Ke8 100.Rh7 Rg1 101.g7 Rg2 102.Kh8 1-0

[Event "56th World U20 ch"]
[Site "Tarvisio ITA"]
[Date "2017.11.19"]
[Round "6.73"]
[White "Chan Sheng Liang, Bernard"]
[Black "Lin Zhaochen"]
[Result "0-1"]
[WhiteElo "1698"]
[BlackElo "1852"]
[EventDate "2017.11.13"]
[PlyCount "53"]

1.d4 d5 2.Bf4 Nf6 3.e3 Bg4 4.Be2 Bxe2 5.Qxe2 c6 6.Nf3 e6 7.O-O Bd6 8.Bg5 
Qc7 9.c4 Ne4 10.Bh4 O-O 11.Nc3 Nxc3 12.bxc3 Qa5 13.c5 Bc7 14.c4 Qa6 15.Qc2
Nd7 16.cxd5 exd5 17.Ng5 Nf6 18.f4 Rae8 19.Nf3 Ne4 20.Nd2 Qe2 21.Rad1 Qxe3+
22.Kh1 Qxd4 23.Nxe4 Qxe4 24.Qb3 b6 25.Qa3 Bb8 26.cxb6 axb6 27.Qb2 0-1

[Event "56th World U20 ch"]
[Site "Tarvisio ITA"]
[Date "2017.11.19"]
[Round "6.74"]
[White "Posocco, Dennis"]
[Black "Araya Pozo, Francisco Javier"]
[Result "0-1"]
[WhiteElo "1564"]
[BlackElo "1416"]
[EventDate "2017.11.13"]
[PlyCount "62"]

1.e4 e6 2.d4 d5 3.e5 c5 4.c3 Nc6 5.Nf3 Qb6 6.a3 a5 7.g3 cxd4 8.cxd4 Nge7 
9.Bd3 Bd7 10.Bc2 Ng6 11.Nc3 Be7 12.h4 f6 13.h5 Nf8 14.Be3 fxe5 15.Nxe5 
Nxe5 16.dxe5 Qc7 17.f4 Bc6 18.Ba4 Bxa4 19.Qxa4+ Qc6 20.Nb5 Rc8 21.O-O Bc5 
22.Bxc5 Qxc5+ 23.Kh1 Ke7 24.Nd6 Rc6 25.Rac1 Qxc1 26.Rxc1 Rxc1+ 27.Kg2 Nd7 
28.Nxb7 Rhc8 29.Kh3 Rh1+ 30.Kg4 Rc4 31.Qxa5 Nxe5+ 0-1

[Event "56th World U20 ch"]
[Site "Tarvisio ITA"]
[Date "2017.11.20"]
[Round "7.1"]
[White "Liang, Awonder"]
[Black "Tari, Aryan"]
[Result "1/2-1/2"]
[WhiteElo "2558"]
[BlackElo "2581"]
[EventDate "2017.11.13"]
[PlyCount "79"]

1.e4 e5 2.Nf3 Nc6 3.Bb5 a6 4.Ba4 Nf6 5.O-O Be7 6.Re1 b5 7.Bb3 d6 8.c3 O-O 
9.h3 Bb7 10.d4 Nd7 11.a4 Na5 12.Bc2 c5 13.d5 Qc7 14.Nbd2 c4 15.axb5 axb5 
16.Nb1 Nc5 17.Na3 Ba6 18.Be3 Rfb8 19.Ra2 b4 20.cxb4 Rxb4 21.Bd2 Rbb8 22.
Bc3 Nd3 23.Bxd3 cxd3 24.Nb1 Bc4 25.Ra3 Nb3 26.Rxa8 Rxa8 27.Na3 h6 28.Kh2 
Rb8 29.Nxc4 Qxc4 30.Re3 Nc5 31.Nd2 Qb5 32.Nf3 f5 33.exf5 Bf6 34.b4 Na4 35.
Be1 Nb6 36.Qb3 Nc4 37.Re4 Nb6 38.Re3 Nc4 39.Re4 Nb6 40.Re3 1/2-1/2

[Event "56th World U20 ch"]
[Site "Tarvisio ITA"]
[Date "2017.11.20"]
[Round "7.2"]
[White "Alexeenko, Kiril"]
[Black "Praggnanandhaa, R."]
[Result "1/2-1/2"]
[WhiteElo "2563"]
[BlackElo "2509"]
[EventDate "2017.11.13"]
[PlyCount "104"]

1.e4 e5 2.Nf3 Nc6 3.Bb5 a6 4.Ba4 d6 5.O-O Bd7 6.c3 g6 7.d4 Bg7 8.Re1 b5 9.
Bb3 Nf6 10.Nbd2 O-O 11.h3 Re8 12.a4 Na5 13.Bc2 c5 14.d5 c4 15.b4 cxb3 16.
Nxb3 bxa4 17.Nxa5 Qxa5 18.Bd2 Qc7 19.Bxa4 Rec8 20.Ra3 Bxa4 21.Qxa4 Nd7 22.
Qc2 a5 23.Rea1 Ra6 24.Be3 h5 25.Qe2 Rca8 26.Qb5 Kh7 27.Ng5+ Kg8 28.Ra4 Nf8
29.Nf3 f6 30.Rb1 Qf7 31.Nd2 f5 32.Nc4 f4 33.Bd2 f3 34.g3 Nd7 35.Be3 Kh7 
36.Kh2 Bh6 37.Re1 Bxe3 38.Rxe3 g5 39.Qb7 R8a7 40.Qc8 g4 41.Re1 Qg8 42.
Qxg8+ Kxg8 43.Raa1 Nc5 44.Rab1 a4 45.Rb8+ Kh7 46.Na3 Ra8 47.Rb5 Nd3 48.Rf1
Kg6 49.h4 Rc8 50.c4 Nc5 51.Re1 Nd3 52.Rf1 Nc5 1/2-1/2

[Event "56th World U20 ch"]
[Site "Tarvisio ITA"]
[Date "2017.11.20"]
[Round "7.3"]
[White "Xu Xiangyu"]
[Black "Dragnev, Valentin"]
[Result "1/2-1/2"]
[WhiteElo "2543"]
[BlackElo "2461"]
[EventDate "2017.11.13"]
[PlyCount "60"]

1.d4 d5 2.c4 e6 3.Nc3 Nf6 4.Nf3 c5 5.cxd5 Nxd5 6.g3 cxd4 7.Nxd5 Qxd5 8.
Qxd4 Qb5 9.e3 Qb4+ 10.Bd2 Nc6 11.Qxb4 Bxb4 12.O-O-O Bd7 13.Bxb4 Nxb4 14.
Ne5 Rc8+ 15.Kb1 Bc6 16.Nxc6 Nxc6 17.Bg2 Ke7 18.Rc1 Na5 19.b3 Rhd8 20.Rxc8 
Rxc8 21.Rd1 b6 22.Kb2 Rc7 23.Rd2 Nb7 24.Bxb7 Rxb7 25.Rd4 Rc7 26.Ra4 Kd6 
27.Rd4+ Ke7 28.Ra4 Kd6 29.Rd4+ Ke7 30.Ra4 Kd6 $11 1/2-1/2

[Event "56th World U20 ch"]
[Site "Tarvisio ITA"]
[Date "2017.11.20"]
[Round "7.4"]
[White "Bellahcene, Bilel"]
[Black "Oparin, Grigory"]
[Result "0-1"]
[WhiteElo "2510"]
[BlackElo "2606"]
[EventDate "2017.11.13"]
[PlyCount "68"]

1.e4 c5 2.Nf3 Nc6 3.Bb5 g6 4.O-O Bg7 5.c3 Nf6 6.Re1 O-O 7.d4 Qb6 8.Ba4 
cxd4 9.cxd4 d5 10.e5 Ne4 11.Nc3 Rd8 12.Bb3 Be6 13.Be3 Na5 14.Ng5 Nxb3 15.
Nxe6 Nxa1 16.Nxd8 Nxc3 17.bxc3 Rxd8 18.Qxa1 Rc8 19.Rb1 Qa6 20.a4 f6 21.Qb2
fxe5 22.dxe5 Bxe5 23.Qxb7 Qxb7 24.Rxb7 Kf7 25.Rxa7 Rxc3 26.Kf1 d4 27.Bd2 
Rc2 28.Ke1 d3 29.Rb7 Ra2 30.Rb1 Rxa4 31.g3 Bd4 32.Kf1 Ra2 33.Rd1 e5 34.Be1
Ra3 0-1

[Event "56th World U20 ch"]
[Site "Tarvisio ITA"]
[Date "2017.11.20"]
[Round "7.5"]
[White "Gholami, Aryan"]
[Black "Karthikeyan, Murali"]
[Result "1/2-1/2"]
[WhiteElo "2483"]
[BlackElo "2578"]
[EventDate "2017.11.13"]
[PlyCount "119"]

1.Nf3 Nf6 2.g3 g6 3.b3 Bg7 4.Bb2 b6 5.Bg2 Bb7 6.c4 O-O 7.O-O c5 8.d4 cxd4 
9.Qxd4 Nc6 10.Qc3 Rc8 11.Rd1 d6 12.Qe1 a6 13.e4 b5 14.Na3 Qb6 15.Qe2 b4 
16.Nc2 Nd7 17.Bxg7 Kxg7 18.Ne3 Nde5 19.Nd5 Qc5 20.Qb2 Kg8 21.h4 Rce8 22.h5
Nxf3+ 23.Bxf3 Ne5 24.Bg2 gxh5 25.Qd2 Kh8 26.Nxb4 h4 27.Qc3 hxg3 28.Nd3 
gxf2+ 29.Kf1 Qe3 30.Rac1 f6 31.Nxe5 Qxc3 32.Rxc3 fxe5 33.c5 a5 34.Bf3 Rc8 
35.Rdc1 Rxc5 36.Rxc5 dxc5 37.Be2 Bxe4 38.Rxc5 Bf5 39.Kxf2 Bb1+ 40.Ke3 Bxa2
41.Rb5 Ra8 42.Bd3 a4 43.bxa4 Rxa4 44.Rb7 e6 45.Rxh7+ Kg8 46.Rc7 Bd5 47.Kd2
Ra3 48.Bc2 Kf8 49.Bd3 Bf3 50.Bg6 e4 51.Rc3 Ra2+ 52.Rc2 Ra4 53.Rc7 e5 54.
Rf7+ Kg8 55.Re7 Rd4+ 56.Kc3 Rd6 57.Bf5 Rd3+ 58.Kc4 Rd4+ 59.Kc3 Kf8 60.Rxe5
1/2-1/2

[Event "56th World U20 ch"]
[Site "Tarvisio ITA"]
[Date "2017.11.20"]
[Round "7.6"]
[White "Aravindh, Chithambaram"]
[Black "Liu Yan"]
[Result "1/2-1/2"]
[WhiteElo "2572"]
[BlackElo "2422"]
[EventDate "2017.11.13"]
[PlyCount "138"]

1.d4 Nf6 2.c4 e6 3.Nc3 Bb4 4.f3 c5 5.d5 d6 6.e4 Bxc3+ 7.bxc3 e5 8.Bd3 Nbd7
9.Ne2 Nf8 10.Be3 Ng6 11.Qd2 Nh5 12.Bg5 f6 13.Be3 Nh4 14.Ng3 Nxg3 15.hxg3 
Ng6 16.f4 Kd7 17.a4 a5 18.Rb1 Kc7 19.Qb2 Ra6 20.Qb5 b6 21.Be2 Kb7 22.Kd2 
Bd7 23.Qb3 Qe8 24.f5 Ne7 25.Qa3 Qc8 26.Bd3 h6 27.Bc2 Rf8 28.Qc1 Qe8 29.Qd1
Rg8 30.Kc1 Kc7 31.Kb2 Ra8 32.Ka3 Rb8 33.Qd2 Qd8 34.Qe2 Qe8 35.Qf2 Qd8 36.
Rb2 Nc8 37.Rhb1 Qf8 38.Bd1 Be8 39.Rb3 Qe7 40.R3b2 Qf8 41.Bf3 Qe7 42.Rh1 
Qd7 43.Bd1 Ne7 44.Bc2 Nc8 45.Rbb1 Qe7 46.Rh4 Qf8 47.Rbh1 Bd7 48.Bd1 Ne7 
49.Bh5 Ra8 50.Rb1 Rb8 51.Rhh1 Nc8 52.Rb2 Rb7 53.Rhb1 Rb8 54.Qe2 Be8 55.Bf3
Qe7 56.Qd2 Qd7 57.Qc2 Qe7 58.Rh1 Rb7 59.Rbb1 Rb8 60.Rh2 Rb7 61.Rbh1 Kb8 
62.Bd1 Qd8 63.Qf2 Rf8 64.g4 Ne7 65.Qe1 Ng8 66.Qd2 Ka7 67.Bc2 Rb8 68.Bd1 
Rb7 69.Bc2 Rb8 1/2-1/2

[Event "56th World U20 ch"]
[Site "Tarvisio ITA"]
[Date "2017.11.20"]
[Round "7.8"]
[White "Gagare, Shardul"]
[Black "Petrosian, Manuel"]
[Result "1/2-1/2"]
[WhiteElo "2482"]
[BlackElo "2554"]
[EventDate "2017.11.13"]
[PlyCount "60"]

1.d4 Nf6 2.c4 e6 3.Nf3 d5 4.Nc3 Bb4 5.cxd5 exd5 6.Bg5 h6 7.Bh4 Bf5 8.e3 
Nbd7 9.Bd3 Bxd3 10.Qxd3 c6 11.O-O O-O 12.Rab1 a5 13.Nd2 Re8 14.Rfe1 Be7 
15.f3 b5 16.a4 b4 17.Ne2 c5 18.b3 Qb6 19.Rbc1 Rac8 20.Bf2 Bd6 21.Rc2 Rc7 
22.Rec1 Rec8 23.dxc5 Bxc5 24.Nf1 Bd6 25.Nfg3 g6 26.Nd4 Rxc2 27.Rxc2 Rxc2 
28.Qxc2 Qc5 29.Qd2 Be5 30.Nge2 h5 $11 1/2-1/2

[Event "56th World U20 ch"]
[Site "Tarvisio ITA"]
[Date "2017.11.20"]
[Round "7.9"]
[White "Zanan, Evgeny"]
[Black "Shevchenko, Kirill"]
[Result "1/2-1/2"]
[WhiteElo "2471"]
[BlackElo "2550"]
[EventDate "2017.11.13"]
[PlyCount "60"]

1.d4 Nf6 2.c4 e6 3.g3 d5 4.Bg2 Be7 5.Nf3 O-O 6.Qc2 c5 7.dxc5 Qa5+ 8.Nc3 
dxc4 9.O-O Qxc5 10.Bg5 Bd7 11.Bxf6 Bxf6 12.Ne4 Qe7 13.Qxc4 Rc8 14.Nxf6+ 
Qxf6 15.Qd4 Qxd4 16.Nxd4 Nc6 17.Rfd1 Nxd4 18.Rxd4 Rc7 19.Rad1 Be8 20.Be4 
Kf8 21.g4 h6 22.f3 $11 Ke7 23.Kf2 Rac8 24.h4 b6 25.Ke3 Rd7 26.Rxd7+ Bxd7 
27.Bd3 Rd8 28.Rc1 Rc8 29.Rd1 Rd8 30.Rc1 Rc8 1/2-1/2

[Event "56th World U20 ch"]
[Site "Tarvisio ITA"]
[Date "2017.11.20"]
[Round "7.10"]
[White "Christiansen, Johan-Sebastian"]
[Black "Tran Tuan Minh"]
[Result "0-1"]
[WhiteElo "2468"]
[BlackElo "2538"]
[EventDate "2017.11.13"]
[PlyCount "100"]

1.e4 c5 2.Nf3 d6 3.Bb5+ Bd7 4.Bxd7+ Nxd7 5.O-O Ngf6 6.Re1 e6 7.c3 Be7 8.d4
cxd4 9.cxd4 d5 10.e5 Ne4 11.Nbd2 Nxd2 12.Bxd2 O-O 13.Rc1 b5 14.Qb3 Qb6 15.
Bb4 Bxb4 16.Qxb4 Rac8 17.b3 Nb8 18.Red1 Nc6 19.Qd2 b4 20.Rc2 Rc7 21.Rdc1 
Rfc8 22.h4 a5 23.Qd3 h6 24.Kh2 Ne7 25.Rxc7 Rxc7 26.Rxc7 Qxc7 27.Qb5 Nf5 
28.Qc5 Qxc5 29.dxc5 Ne7 30.Nd4 Kf8 31.f4 h5 32.Kg1 Ke8 33.Kf2 Kd7 34.Ke3 
g6 35.Kd3 Nf5 36.Nf3 Kc6 37.Ng5 Nxh4 38.g3 Nf5 39.Nxf7 Nxg3 40.Ng5 Ne4 41.
Nf3 Nxc5+ 42.Ke3 Ne4 43.Nh4 g5 44.fxg5 Nxg5 45.Ke2 Kd7 46.Ng2 Ne4 47.Kf3 
Nc3 48.Nf4 Nxa2 49.Nd3 Nc3 50.Kf4 Ne4 0-1

[Event "56th World U20 ch"]
[Site "Tarvisio ITA"]
[Date "2017.11.20"]
[Round "7.11"]
[White "Yuffa, Daniil"]
[Black "Sorokin, Alexei"]
[Result "0-1"]
[WhiteElo "2527"]
[BlackElo "2483"]
[EventDate "2017.11.13"]
[PlyCount "174"]

1.Nf3 Nf6 2.c4 g6 3.Nc3 d5 4.cxd5 Nxd5 5.Qb3 Nb6 6.d4 Bg7 7.e4 O-O 8.Be3 
Bg4 9.Rd1 e6 10.Be2 Nc6 11.Ng1 Bxe2 12.Ngxe2 Qe7 13.O-O Na5 14.Qb5 Nac4 
15.Bg5 f6 16.Bc1 Rfd8 17.b3 Nd6 18.Qa5 Qf7 19.Nf4 c6 20.Rfe1 f5 21.f3 Ne8 
22.Be3 Nc7 23.Nce2 Bh6 24.Bc1 Bg7 25.Nd3 Nb5 26.Ne5 Qe7 27.a4 Nc7 28.Be3 
Ne8 29.Nf4 Nf6 30.Bf2 fxe4 31.fxe4 Re8 32.Nf3 Ng4 33.Bh4 Qc7 34.Bg3 Qd7 
35.Qg5 Nh6 36.a5 Nf7 37.Qg4 e5 38.Nxe5 Bxe5 39.Qxd7 Nxd7 40.dxe5 Ndxe5 41.
Bf2 a6 42.Bb6 Re7 43.Ne2 Nd7 44.Bf2 Nf6 45.Nc3 Rae8 46.Bc5 Re6 47.h4 g5 
48.hxg5 Nxg5 49.Rf1 Ngxe4 50.Nxe4 Nxe4 51.b4 Nxc5 52.bxc5 R8e7 53.Rd3 Kg7 
54.Rf4 Re3 55.Rg4+ Kf7 56.Rd8 R3e4 57.Rg3 Re1+ 58.Kh2 R1e6 59.Rb8 Rh6+ 60.
Kg1 Re1+ 61.Kf2 Rb1 62.Rd3 Rb2+ 63.Kf3 Rf6+ 64.Kg3 Kg7 65.Rd7+ Rf7 66.Rd4 
h6 67.Rg4+ Kh7 68.Rf4 Rg7+ 69.Kh3 Rb5 70.Rf5 Rxa5 71.g4 Ra3+ 72.Kh4 Ra4 
73.Kh5 Raxg4 74.Rxb7 Rg5+ 75.Rxg5 hxg5 76.Rb6 g4 77.Rxa6 g3 78.Ra1 g2 79.
Rg1 Kg8 80.Kh4 Kf7 81.Kh3 Ke6 82.Kh2 Kd5 83.Rd1+ Kxc5 84.Kg1 Rg5 85.Ra1 
Kb6 86.Rb1+ Kc7 87.Ra1 c5 0-1

[Event "56th World U20 ch"]
[Site "Tarvisio ITA"]
[Date "2017.11.20"]
[Round "7.12"]
[White "Salomon, Johan"]
[Black "Boruchovsky, Avital"]
[Result "1-0"]
[WhiteElo "2476"]
[BlackElo "2565"]
[EventDate "2017.11.13"]
[PlyCount "50"]

1.d4 Nf6 2.c4 e6 3.Nf3 d5 4.g3 Bb4+ 5.Bd2 Bd6 6.Bg2 O-O 7.O-O Nbd7 8.Qb3 
c6 9.Nc3 h6 10.Rfe1 dxc4 11.Qxc4 e5 12.Rad1 e4 13.Ne5 Nb6 14.Qb3 Bf5 15.h3
Qc7 16.Ng4 Bxg4 17.hxg4 Rae8 18.g5 hxg5 19.Bxg5 e3 20.Bxe3 Rxe3 21.fxe3 
Bxg3 22.Rf1 Ng4 23.Ne4 Bh2+ 24.Kh1 Nd5 25.Rf3 Re8 {... 45 moves} 1-0

[Event "56th World U20 ch"]
[Site "Tarvisio ITA"]
[Date "2017.11.20"]
[Round "7.13"]
[White "Bai Jinshi"]
[Black "Basso, Pierluigi"]
[Result "1-0"]
[WhiteElo "2553"]
[BlackElo "2470"]
[EventDate "2017.11.13"]
[PlyCount "89"]

1.c4 e6 2.Nc3 d5 3.d4 Be7 4.cxd5 exd5 5.Bf4 c6 6.e3 Bf5 7.Nge2 Nd7 8.h4 
Be6 9.Ng3 Bxh4 10.Nh5 Bf6 11.Qb3 Qb6 12.Qa3 Ne7 13.Be2 h6 14.g4 Rg8 15.
Nxf6+ Nxf6 16.f3 a5 17.b3 Qb4 18.Qc1 Nd7 19.Kf2 f6 20.Qc2 Kf7 21.Nb5 Nc8 
22.Nc7 Ra7 23.Nxe6 Kxe6 24.Qf5+ Ke7 25.a3 Qb6 26.Bxh6 g6 27.Qd3 Nd6 28.Bf4
Nf7 29.e4 Raa8 30.exd5 cxd5 31.Rac1 Rac8 32.Qe3+ Qe6 33.Qxe6+ Kxe6 34.Bb5 
g5 35.Bg3 Nd6 36.Rhe1+ Ne5 37.Rxc8 Rxc8 38.Bd3 Ne4+ 39.Bxe4 dxe4 40.dxe5 
Rc2+ 41.Re2 Rc3 42.Rxe4 Rxb3 43.exf6+ Kxf6 44.Bd6 Rd3 45.Be7+ 1-0

[Event "56th World U20 ch"]
[Site "Tarvisio ITA"]
[Date "2017.11.20"]
[Round "7.14"]
[White "Kobo, Ori"]
[Black "Kantor, Gergely"]
[Result "1/2-1/2"]
[WhiteElo "2460"]
[BlackElo "2514"]
[EventDate "2017.11.13"]
[PlyCount "85"]

1.Nf3 d5 2.g3 Nf6 3.Bg2 e6 4.c4 Be7 5.O-O O-O 6.d4 dxc4 7.Qc2 a6 8.a4 Bd7 
9.Rd1 Bc6 10.Bg5 a5 11.Nbd2 Na6 12.Nxc4 Nb4 13.Qb3 Bd5 14.Nfe5 c6 15.Bxf6 
Bxf6 16.Ng4 Be7 17.e4 Bxc4 18.Qxc4 Qb6 19.Rd2 Rad8 20.Rad1 Rd6 21.h4 Rfd8 
22.Bh3 Na6 23.Ne5 Bf6 24.Nxf7 Kxf7 25.e5 Bxe5 26.dxe5 Rxd2 27.Rxd2 Rxd2 
28.Qf4+ Ke7 29.Qg5+ Ke8 30.Qxd2 Qb4 31.Qg5 Qe7 32.Qg4 Nb4 33.Qd4 Kf7 34.
Qf4+ Kg8 35.h5 Nd5 36.Qd2 b6 37.h6 g6 38.Qc1 c5 39.Qc4 Kf7 40.Qb5 Qc7 41.
f4 c4 $11 42.Kh2 Ne3 43.Bg2 $11 1/2-1/2

[Event "56th World U20 ch"]
[Site "Tarvisio ITA"]
[Date "2017.11.20"]
[Round "7.15"]
[White "Lobanov, Sergei"]
[Black "Triapishko, Alexander"]
[Result "0-1"]
[WhiteElo "2435"]
[BlackElo "2508"]
[EventDate "2017.11.13"]
[PlyCount "72"]

1.e4 c6 2.d4 d5 3.e5 Bf5 4.Nf3 e6 5.Be2 c5 6.O-O Nc6 7.c3 cxd4 8.cxd4 Nge7
9.Nc3 Nc8 10.Be3 Nb6 11.Rc1 Be7 12.Nd2 h6 13.Na4 O-O 14.Nc5 Bxc5 15.Rxc5 
f6 16.f4 Nd7 17.Rc3 Rc8 18.Qa4 fxe5 19.fxe5 Qh4 20.Nf3 Qe7 21.Rfc1 Nb6 22.
Qd1 Nc4 23.Bxc4 dxc4 24.Rxc4 Be4 25.Nd2 Bd5 26.R4c3 Qh4 27.a3 Rc7 28.Qe1 
Qh5 29.Nc4 Rcf7 30.Nd6 Rf3 31.R3c2 Qg4 32.Rd2 Ne7 33.Qe2 Ng6 34.Kh1 Nh4 
35.Rg1 Nxg2 36.Rxg2 Rxe3 0-1

[Event "56th World U20 ch"]
[Site "Tarvisio ITA"]
[Date "2017.11.20"]
[Round "7.16"]
[White "Moroni, Luca jr"]
[Black "Bersamina, Paulo"]
[Result "1-0"]
[WhiteElo "2506"]
[BlackElo "2404"]
[EventDate "2017.11.13"]
[PlyCount "97"]

1.d4 Nf6 2.Nf3 c5 3.d5 g6 4.c4 Bg7 5.Nc3 O-O 6.e4 d6 7.Be2 e6 8.h3 e5 9.
Be3 Qb6 10.Qc2 Nh5 11.Nd2 Nf4 12.Bf3 f5 13.g3 Nh5 14.exf5 Bxf5 15.Qb3 Nf6 
16.Qxb6 axb6 17.g4 Bd7 18.Ke2 Na6 19.Nde4 Ne8 20.a3 h6 21.b4 cxb4 22.axb4 
Rc8 23.b5 Nc5 24.Rhb1 Nxe4 25.Bxe4 Rxc4 26.Kd3 Rd4+ 27.Bxd4 exd4 28.Ne2 
Nf6 29.Bxg6 Nxd5 30.Be4 Nc3 31.Nxc3 dxc3 32.Bd5+ Kh8 33.Ra2 Be8 34.Be4 d5 
35.Bf5 Rxf5 36.gxf5 Bd7 37.Rg1 Bxb5+ 38.Ke3 d4+ 39.Ke4 Bc6+ 40.Kd3 Bb5+ 
41.Ke4 Bc6+ 42.Kf4 Kh7 43.Ra8 Bf6 44.Rf8 Bg5+ 45.Ke5 Bf3 46.h4 Bxh4 47.
Rf7+ Kh8 48.Ra1 Kg8 49.Rd7 1-0

[Event "56th World U20 ch"]
[Site "Tarvisio ITA"]
[Date "2017.11.20"]
[Round "7.17"]
[White "Begmuratov, Alisher"]
[Black "Li Di"]
[Result "1/2-1/2"]
[WhiteElo "2401"]
[BlackElo "2479"]
[EventDate "2017.11.13"]
[PlyCount "61"]

1.d4 Nf6 2.c4 e6 3.Nc3 d5 4.cxd5 exd5 5.Bg5 c6 6.e3 Be7 7.Bd3 Nbd7 8.Qc2 
Nh5 9.Bxe7 Qxe7 10.Nge2 g6 11.O-O-O Nb6 12.Nf4 Nxf4 13.exf4 O-O 14.h4 Qf6 
15.Ne2 Nc4 16.b3 Nd6 17.h5 Bf5 18.Bxf5 Qxf5 19.Qxf5 Nxf5 20.g4 Nd6 21.Rh2 
Rfe8 22.Ng3 Ne4 23.hxg6 hxg6 24.Rdh1 Nxg3 25.fxg3 Kf8 26.Rh8+ Ke7 27.R8h7 
Kf8 28.Rh8+ Ke7 29.R8h7 Kf8 30.Rh8+ Ke7 31.R8h7 1/2-1/2

[Event "56th World U20 ch"]
[Site "Tarvisio ITA"]
[Date "2017.11.20"]
[Round "7.18"]
[White "Harsha, Bharathakoti"]
[Black "Van Foreest, Jorden"]
[Result "0-1"]
[WhiteElo "2445"]
[BlackElo "2616"]
[EventDate "2017.11.13"]
[PlyCount "118"]

1.c4 e5 2.Nc3 Nf6 3.Nf3 Nc6 4.e3 Bb4 5.Qc2 d6 6.Nd5 Ba5 7.a3 Nxd5 8.cxd5 
Ne7 9.Bc4 O-O 10.O-O Bg4 11.b4 Bb6 12.Bb2 Qd7 13.Ng5 Qf5 14.Qxf5 Bxf5 15.
f4 f6 16.Ne6 Rfe8 17.Nc5 Kh8 18.Na4 Be4 19.Nc3 Bg6 20.Na4 exf4 21.Rxf4 Bf7
22.Nxb6 axb6 23.Rd4 Ng6 24.Rd3 h5 25.Rc1 Ne5 26.Rdc3 Nxc4 27.Rxc4 c5 28.
dxc6 Bxc4 29.cxb7 Rab8 30.Rxc4 Rxb7 31.Rc6 Rd8 32.b5 Kg8 33.Bd4 Ra8 34.
Rxd6 Rxa3 35.Rd5 Rd3 36.Rxh5 Rxd2 37.h3 Rc7 38.Rh4 Rc4 39.Rg4 Rb4 40.Rg3 
Rxb5 41.Bxf6 Rd7 42.Kh2 Rf5 43.Bd4 b5 44.Rg6 Rb7 45.Rc6 b4 46.Rc2 b3 47.
Rb2 Kf7 48.g4 Rf1 49.h4 Ke6 50.h5 Kd5 51.Kg2 Rd1 52.Kg3 Rxd4 53.exd4 Kxd4 
54.Kf4 Kc3 55.Rb1 Rb5 56.g5 b2 57.Rh1 b1=Q 58.Rxb1 Rxb1 59.h6 Rf1+ 0-1

[Event "56th World U20 ch"]
[Site "Tarvisio ITA"]
[Date "2017.11.20"]
[Round "7.19"]
[White "Svane, Rasmus"]
[Black "Nikolovski, Nikola"]
[Result "1-0"]
[WhiteElo "2587"]
[BlackElo "2412"]
[EventDate "2017.11.13"]
[PlyCount "77"]

1.d4 Nf6 2.Nf3 c5 3.d5 e6 4.Nc3 exd5 5.Nxd5 Nxd5 6.Qxd5 Nc6 7.Bg5 Be7 8.a3
Qa5+ 9.Bd2 Qb6 10.Bc3 d6 11.Ng5 Nd8 12.O-O-O Ne6 13.Ne4 O-O 14.e3 Nc7 15.
Qh5 d5 16.Qe5 Ne6 17.Qxd5 Rd8 18.Qe5 f6 19.Rxd8+ Qxd8 20.Qh5 Bd7 21.Bc4 b5
22.Bd5 Rb8 23.Qg4 Kf7 24.f4 b4 25.f5 Kf8 26.Bxe6 bxc3 27.Nxc3 Bxe6 28.fxe6
g6 29.Qc4 Qb6 30.b3 Qc6 31.Rd1 Qxg2 32.Rd7 Qc6 33.Nd5 Re8 34.Nxf6 Bxf6 35.
Rf7+ Kg8 36.Rxf6 Re7 37.e4 Kg7 38.Qc3 Kg8 39.Rf8+ 1-0